Thiết kế đường ô tô đường ngoài đô thị và đường đô thị T.2 /

Thiết kế các yếu tố kỹ thuật đường đô thị, thiết kế theo AASHTO; Cải tạo đường đô thị; Thiết kế đường trong khu công trình, mạng lưới thoát nước đô thị; Thiết kế nút giao thông; Cầu cong trong hệ không gian; Đường và môi trường đô thị......

पूर्ण विवरण

में बचाया:
ग्रंथसूची विवरण
मुख्य लेखक: Doãn Hoa.
स्वरूप: पुस्तक
भाषा:Vietnamese
प्रकाशित: Hà Nội : Xây dựng, 1999.
विषय:
टैग : टैग जोड़ें
कोई टैग नहीं, इस रिकॉर्ड को टैग करने वाले पहले व्यक्ति बनें!
Thư viện lưu trữ: Mạng thư viện Đại học Đà Nẵng
LEADER 01219cam a2200349 i 4500
001 000042678
003 552
005 20041027103849.0
008 010301b1999 vm 000 vie
020 |c 33000 
040 |a IRC  |c IRC  |d IRC 
041 0 |a vie 
082 1 4 |a 711.73  |b DO-H 
100 1 |a Doãn Hoa. 
245 1 0 |a Thiết kế đường ô tô đường ngoài đô thị và đường đô thị  |n T.2 /  |c Doãn Hoa. 
260 |a Hà Nội :  |b Xây dựng,  |c 1999. 
300 |a 211 tr. ;  |c 27 cm. 
520 3 |a Thiết kế các yếu tố kỹ thuật đường đô thị, thiết kế theo AASHTO; Cải tạo đường đô thị; Thiết kế đường trong khu công trình, mạng lưới thoát nước đô thị; Thiết kế nút giao thông; Cầu cong trong hệ không gian; Đường và môi trường đô thị... 
630 0 4 |a Xây dựng. 
630 0 4 |a Đường bộ. 
630 0 4 |a Thiêt kế. 
650 0 4 |a Đường ô tô  |x Thiết kế. 
OWN |a DUT 
999 |a From the UDN01 
TYP |a Monograph 
TYP |a Printed language 
980 |a Mạng thư viện Đại học Đà Nẵng